Geography Quiz

Random Geography or State Quiz

US Tree Ranges Quiz Stats

 Plays Quiz not verified by Sporcle

Challenge
Share
Tweet
Embed
Score 0/25 Timer 07:00
0 Plays Today
Name any state inside this tree's range States % Correct
mangroveFL, TX
90%
prairie crab appleAR, IL, IN, IA, KS, LA, MN, MO, NE, OK, SD, TX, WI
88%
Douglas firAZ, CA, CO, ID, MT, NV, NM, OR, TX, UT, WA, WY
88%
southern magnoliaAL, FL, GA, LA, MS, NC, SC, TX
86%
lodgepole pineAK, CA, CO, ID, MT, NV, OR, SD, UT, WA, WY
86%
ponderosa pineAZ, CA, CO, ID, MT, NE, NV, NM, ND, OK, OR, SD, TX, UT, WA, WY
86%
water oakAL, AR, DE, FL, GA, LA, MD, MS, MO, NJ, NC, OK, SC, TN, TX, VA
86%
redwoodCA, OR
86%
American cranberrybushCT, IL, IN, IA...
86%
screwbean mesquiteAZ, CA, NV, NM, TX, UT
84%
northern white cedarCT, IL, IN, ME, MA, MI, MN, NH, NY, NC, OH, PA, RI, TN, VT, VA, WV, WI
82%
blue spruceAZ, CO, ID, NM, UT, WY
78%
black cottonwoodAK, CA, ID, MT, NV, ND, OR, UT, WA, WY
76%
Name any state inside this tree's range States % Correct
bitter cherryAZ, CA, ID, MT, NV, NM, OR, WA
70%
seagrapeFlorida
66%
showy mountain ashCT, IN, IA, ME, MA, MI, MN, NH, NY, OH, VT, WI
66%
loblolly bayAL, FL, GA, MS, NC, SC
62%
Ashe juniperAR, MO, OK, TX
62%
mountain hollyNC, VA, WV
62%
fleshy hawthornCO, IA, KS, MN, MO, MT, NE, ND, SD, UT, WI, WY
58%
dahoonAL, FL, GA, LA, MS, NC, SC
58%
hortulan plumAR, IL, IN, IA, KS, KY, MO, OH, OK
58%
seaside alderDE, MD, OK
50%
northern catalpaAR, IL, IN, KY, MO, TN
50%
peachleaf willowAlaska
38%

You're not logged in!

Compare scores with friends on all Sporcle quizzes.
OR
Log In

You Might Also Like...

Show Comments

Extras

Created Nov 29, 2012SourceReportNominate
Tags:State Quiz, tree

Top Quizzes Today


Score Distribution

Your Account Isn't Verified!

In order to create a playlist on Sporcle, you need to verify the email address you used during registration. Go to your Sporcle Settings to finish the process.

Report this User

Report this user for behavior that violates our Community Guidelines.

Details: